| 000 | 00521nam a2200205 a 4500 | ||
|---|---|---|---|
| 001 | 3596 | ||
| 005 | 20140414132000.0 | ||
| 008 | 040603s19uu xx 00 eng d | ||
| 020 | _a0-02-778025-2 | ||
| 050 |
_aTR _bEv2 1993 |
||
| 100 | _aRylant, Cynthia | ||
| 245 |
_aEveryday Pets / _cCynthia Rylant. |
||
| 260 |
_aNew York : _bBradbury Press, _c1993. |
||
| 300 | _a1 v. : ill. ; cm. | ||
| 440 | _aThe Everyday Books | ||
| 500 | _a | ||
| 650 |
_aPets _xFiction. |
||
| 650 | _aChildren stories. | ||
| 999 |
_c113052 _d113052 |
||